000 00640nam a2200229 a 4500
001 2964
005 20140414131917.0
008 051130s19uu xx 00 eng d
020 _a0-439-59431-6
050 _aER
_bIm1 1995
100 _aPackard, Mary
245 _aI'm fire fighter /
_cby Mary Packard ; illustrated by Julie Durrell.
260 _aNew York :
_bScholastic,
_c1995.
300 _a1 v. p. : ill. ; cm.
440 _aScholastic reader, level 1
500 _a"Cartwheel Books"
650 _aFire truck
_xFiction.
650 _aFireman
_xFiction.
650 _aChildren stories.
999 _c111518
_d111518